Discusiones. prueba, conocimiento y verdad / año III, Nº3 :
Guardado en:
| Formato: | Seriadas |
|---|---|
| Idioma: | Spanish |
| Publicado: |
Bahía Blanca.
edi UNS,
2003 ;
|
| Etiquetas: |
Agregar Etiqueta
Sin Etiquetas, Sea el primero en etiquetar este registro!
|
| LEADER | 00499nas a22001455a 4500 | ||
|---|---|---|---|
| 001 | DER.der001319 | ||
| 008 | 180615s2003####ag#||#|||||||||###||spa|| | ||
| 005 | 20260218175250.0 | ||
| 245 | 1 | 0 | |a Discusiones. |n año III, Nº3 : |b prueba, conocimiento y verdad / |c dirigido por Pablo E. Navarro. |
| 260 | |b edi UNS, |c 2003 ; |a Bahía Blanca. | ||
| 300 | |a 120 p. | ||
| 022 | |a 15157326 | ||
| 100 | 1 | |a Navarro, Pablo E., |e dir. | |
| 859 | |a DERECHO |b BIB. DERECHO |h 340 |i DIS |p 003388 | ||
| 859 | |a DERECHO |b BIB. DERECHO |h 340 |i DIS |p 003389 |t 1 | ||
